[Event "Hessen-ch U14/U18 Girls"]
[Site "Bad Homburg"]
[Date "2015.04.02"]
[Round "5"]
[White "Tampe, Katharina"]
[Black "Skiera, Malou"]
[Result "1-0"]
[WhiteElo "1089"]
[BlackElo "951"]
[PlyCount "45"]
[EventDate "2015.03.30"]
[EventType "swiss"]
[EventRounds "7"]
[EventCountry "GER"]
[SourceTitle "EXT 2017"]
[Source "ChessBase"]
[SourceDate "2016.10.25"]
[SourceVersion "1"]
[SourceVersionDate "2016.10.25"]
[SourceQuality "1"]

1. Nf3 Nc6 2. d4 d5 3. g3 Bf5 4. Bg2 e6 5. 0-0 Nb4 6. Nc3 Nxc2 7. Rb1 Nxd4 8. Qxd4 Bxb1 9. Nxb1 Nf6 10. Ne5 Bd6 11. Bf4 h6 12. Nc3 0-0 13. e4 Nxe4 14. Nxe4 dxe4 15. Bxe4 Be7 16. Qe3 Rb8 17. Bxh6 Bf6 18. Ng4 Qe7 19. Bf4 b6 20. Bxc7 Rbc8 21. Bd6 Qxd6 22. Nxf6+ Kh8 23. Qg5 1-0